Sports Quiz

Random Sports or Basketball Quiz

States without NCAA championships Quiz Stats

 Plays Quiz not verified by Sporcle

Score 0/27 Timer 02:00
0 Plays Today
State % Correct
Maine
90.6%
North Dakota
86.2%
South Dakota
85.5%
Vermont
83.4%
New Hampshire
81.2%
New Mexico
81.2%
Montana
79.6%
Idaho
79.5%
Washington
79.3%
South Carolina
78.3%
Alabama
78.1%
Hawaii
78%
Alaska
76.9%
Rhode Island
75.5%
State % Correct
Mississippi
72.5%
Georgia
72%
Iowa
69.6%
Colorado
69%
Nebraska
67.2%
Minnesota
66.7%
Delaware
65.7%
Tennessee
63.6%
Missouri
61.9%
Virginia
61.9%
Louisiana
60%
New Jersey
59%
West Virginia
56.3%

You're not logged in!

Compare scores with friends on all Sporcle quizzes.
OR
Log In

Show Comments

Extras

Top Quizzes Today


Score Distribution

Your Account Isn't Verified!

In order to create a playlist on Sporcle, you need to verify the email address you used during registration. Go to your Sporcle Settings to finish the process.

Report this User

Report this user for behavior that violates our Community Guidelines.

Details: